The Only Remaining Continent That.... - Click Quiz - Statistics

General Stats
  • This quiz has been taken 41 times
  • The average score is 4 of 7
Answer Stats
Hint Answer % Correct
has no bees Antarctica
88%
has a population lower than 30 million people Oceania
72%
has no countries with a HDI higher than 0.900 Africa
56%
fully has a country larger than 9.000.000 km² Asia
56%
is a continent Europe
52%
has more than 10 island countries North America
36%
has a point above 6000 kilometers South America
24%
No matching quizzes found
Score Distribution
Percent of People with Each Score
Percentile by Number Answered
Your Score History
You have not taken this quiz